Cartas IV

Guardat en:
Dades bibliogràfiques
Autor principal: Cicerón, Marco Tulio (autor)
Format: Llibre
Idioma:espanyol
Publicat: Madrid Editorial Gredos 2008
Col·lecció:Biblioteca Clásica Gredos, 374
Matèries:
Etiquetes: Afegir etiqueta
Sense etiquetes, Sigues el primer a etiquetar aquest registre!

MARC

LEADER 00000nam a2200000 a 4500
001 UCG6059
003 CL-VaPUC
008 110331e20080000SP |||||||||||||||||spa|d
020 |a 9788424935832 
082 0 4 |a 876  |b CIC  |2 21 
100 |a Cicerón, Marco Tulio  |e autor  |9 255203 
245 1 0 |a Cartas IV 
300 |a v 
942 |c BK 
945 |d 20110331 00:00:00  |a jcampos 
260 |a Madrid  |b Editorial Gredos  |c 2008 
500 |a v.4: Cartas a los familiares II. Cartas 174-435 
650 0 |a Cartas  |9 321777 
650 7 |a CORRESPONDENCIAS LATINAS  |2 CL-VaPUC  |9 413076 
650 0 |a Historia de Roma   |9 315349 
583 |a last modification  |c 20110331 00:00:00  |k Rodrigo Vera 
490 0 |a Biblioteca Clásica Gredos, 374 
999 |c 344360  |d 344358 
952 |0 0  |1 0  |4 0  |6 876_000000000000000_CIC_2008  |7 0  |8 X  |9 442286  |a BIBHIS  |b BIBHIS  |d 2019-11-22  |h v.4  |i 4762134  |o 876 CIC 2008  |p 4762134  |r 2024-01-30  |w 2019-11-22  |y BK_X  |k HIS